Statistics for Guess 18 RB Leipzig footballers by image

Click here to take the quiz!

General Stats

  • This quiz has been taken 70 times
  • The average score is 14 of 18

Answer Stats

Answer% Correct
Timo Werner
100%
Joško Gvardiol
97%
Christopher Nkunku
93%
Marcel Sabitzer
93%
Dayot Upamecano
88%
Naby Keita
86%
Dani Olmo
85%
Peter Gulacsi
83%
Yussuf Poulsen
80%
Dominik Szoboszlai
78%
Angelino
76%
Emil Forsberg
75%
Willi Orban
71%
Patrick Schick
69%
André Silva
64%
Ibrahima Konate
61%
Lukas Klostermann
56%
Nordi Mukiele
44%

Score Distribution

Percentile by Number Answered

Percent of People with Each Score

Your Score History

You have not taken this quiz